Somatické a genetické účinky žiarenia gama na prepelicu japonskú (Coturnix coturnix japonica) a kuru domácu (Gallus gallus domestica)

Bibliographic Details
Main Author: Baumgartner, Ján, 1940- (Author)
Format: Book
Language:Slovak
PhysicalDescription:177, [1] s. fotogr., sch., tab. 23 cm
Published: Bratislava Veda 1982
Edition:1. vyd.
Series:Poľnohospodárska veda
Subjects:

MARC

LEADER 00000cam a2200000 a 4500
001 vtls001099538
003 SK-MaSNL
005 20260301145741.0
008 230501s1982 xo ao f n 00000 slo
015 |a SNBA1982/11 
020 |q (brož.) 
035 |a SNK000042380 
035 |a 29A73A3A-E082-45C7-BB9C-E746FA432C07 
035 |a urn:nbn:sk:snk-am00ig2n 
040 |a SNK  |b slo  |c SNK  |e AACR2 
041 0 |a slo 
044 |a xo  |c SK 
080 |a 636.5:537.53  |2 1981 
080 |a 537.53  |2 1981 
080 |a 636.5  |2 1981 
100 1 |a Baumgartner, Ján,  |d 1940-  |4 aut  |9 85888 
245 1 0 |a Somatické a genetické účinky žiarenia gama na prepelicu japonskú (Coturnix coturnix japonica) a kuru domácu (Gallus gallus domestica)  |c Ján Baumgartner 
246 3 1 |a Somatičeskije i genetičeskije dejstvija gamma izlučenija na japonskogo perepela (Coturnix coturnix japonica) i kuru domašnuju (Gallus gallus domestica) 
246 3 1 |a Somatic and genetic effects of gamma radiation upon japanese quail (Coturnix coturnix japonica) and domestic fowl (Gallus gallus domestica) 
250 |a 1. vyd. 
260 |a Bratislava  |b Veda  |c 1982  |e Nitra  |f Nitrianske tlačiarne 
300 |a 177, [1] s.  |b fotogr., sch., tab.  |c 23 cm 
366 |e 500 výtl. 
490 1 |a Poľnohospodárska veda  |v zv. 4/82. Séria - Poľnohospodárstvo 
500 |a Obsahuje bibliografiu 
650 0 7 |a prepelica japonská  |2 SNKPH  |9 120362 
650 0 7 |a kura domáca  |2 SNKPH  |9 472333 
650 0 7 |a gama žiarenie  |2 SNKPH  |9 25650 
650 0 7 |a somatológia  |2 SNKPH  |9 2595 
650 0 7 |a genetika  |2 SNKPH  |9 698 
655 7 |a monografie  |2 SNKPH  |9 70139 
710 2 |a Slovenská spoločnosť pre poľnohospodárske, lesnícke a potravinárske vedy  |4 pbl  |9 220508 
830 0 |a Poľnohospodárska veda  |9 276630 
852 |a Slovenská národná knižnica 
954 |a odborná, vedecká literatúra pôvodná (slovenská)  |2 lita 
958 |a OND 
958 |a NB 
958 |a TL 
958 |a EUIPO 
999 |c 781200  |d 783130 
952 |a SNK  |b SNK  |y VYP  |7 0  |p 17A0058117  |o snkSC 56638 D1  |i snkKSP 8803/82  |0 0  |1 0  |4 0  |d 1997-04-02  |l 0  |r 2004-12-31 00:00:00  |w 2026-02-24 
952 |a SNK  |b SNK  |y PREZ  |7 0  |p 17A0875393  |o snkSC 56638  |i snkKSP 8802/82  |0 0  |1 0  |4 0  |d 2018-06-01  |f 1  |l 0  |r 2025-05-28 00:00:00  |w 2026-02-24